000 01353cam a2200349 i 4500
001 18922400
003 OSt
005 20251205162421.0
008 160101m20169999ilu b 001 0 eng
010 _a 2015050897
020 _a9780830851331
_qv. 1 : pbk. : alk. paper
035 _a18922400
040 _aDLC
_beng
_cDLC
_erda
_dDLC
042 _apcc
050 0 0 _aBS2397
_b.W58 2016
082 0 0 _a230/.0415
_223
100 1 _aWitherington, Ben,
_cIII,
_d1951-
_eauthor.
245 1 0 _aNew Testament theology and ethics
_nvolume one /
_cBen Witherington III.
264 1 _aDowners Grove, Illinois :
_bIVP Academic, an imprint of InterVarsity Press,
_c2016-
300 _avolumes ;
_c23 cm
336 _atext
_btxt
_2rdacontent
337 _aunmediated
_bn
_2rdamedia
338 _avolume
_bnc
_2rdacarrier
504 _aIncludes bibliographical references and index.
505 0 _aVolume 1.
630 0 0 _aBible.
_pNew Testament
_xTheology.
650 0 _aEthics in the Bible.
776 0 8 _w(DLC) 2016001403
_iOnline version:
_aWitherington, Ben, III, 1951- author.
_tNew Testament theology and ethics
_dDowners Grove : InterVarsity Press, 2016-
_z9780830899838
906 _a7
_bcbc
_corignew
_d1
_eecip
_f20
_gy-gencatlg
942 _2lcc
_cBK
999 _c20943
_d20942